20 città più grandi del Nord America - Statistics

Statistiche generali
  • Questo quiz è stato fatto 131 volte
  • Il punteggio medio è 7 su 20
Statistiche sulle risposte
con Immagini Hint Risposta % Corretto
8,5 milioni New York, Stati Uniti
94%
8,9 milioni Città del Messico, Messico
93%
2,8 milioni Toronto, Canada
86%
3,9 milioni Los Angeles, Stati Uniti
84%
2,7 milioni Chicago, Stati Uniti
62%
2,1 milioni L'Avana, Cuba
61%
1,7 milioni Montréal, Canada
50%
2,2 milioni Houston, Stati Uniti
34%
1,3 milioni Dallas, Stati Uniti
16%
1,5 milioni Phoenix, Stati Uniti
14%
1,3 milioni San Diego, Stati Uniti
11%
1,2 milioni Calgary, Canada
10%
1,5 milioni Filadelfia, Stati Uniti
10%
1,4 milioni Guadalajara, Messico
10%
1,4 milioni Sant'Antonio, Stati Uniti
8%
1,2 milioni Tijuana, Messico
7%
1,3 milioni Ciudad Juarez, Messico
3%
1,3 milioni León, Messico
3%
1,6 milioni Ecatepec de Morelos, Messico
2%
1,4 milioni Puebla, Messico
2%
Nessun quiz corrispondente trovato
Distribuzione punteggi
Percentuale di utenti per punteggio
Percentile per numero di risposta
I tuoi punteggi nel tempo
Non hai fatto questo quiz